Nuclear law bulletin - Korea, Norway, Poland supplement to no. 68

Salvato in:
Dettagli Bibliografici
Natura: Libro
Lingua:inglese
Pubblicazione: Paris OECD 2001
Serie:Legal Affairs
Soggetti:
Tags: Aggiungi Tag
Nessun Tag, puoi essere il primo ad aggiungerne!!

MARC

LEADER 00000nam a2200000 4500
001 c131818
005 20221124103553.8
020 |a 92-64-19194-1 
041 0 |a eng 
044 |a FR 
245 1 0 |a Nuclear law bulletin - Korea, Norway, Poland  |b supplement to no. 68 
264 1 |a Paris  |b OECD  |c 2001 
300 |a 74 s. 
490 1 |a Legal Affairs 
830 0 |a Legal Affairs 
610 2 0 |a právo atómové 
610 2 0 |a Južná Kórea 
610 2 0 |a Nórsko 
610 2 0 |a Poľsko